América precolombina, descubrimiento y colonización

Uloženo v:
Podrobná bibliografie
Hlavní autor: Sánchez, Luis Alberto (Autor)
Médium: Kniha
Jazyk:španělština
Vydáno: Madrid EDAF 1981
Edice:Colección Nueva Historia, 7
Témata:
Tagy: Přidat tag
Žádné tagy, Buďte první, kdo vytvoří štítek k tomuto záznamu!

MARC

LEADER 00000nam a2200000 a 4500
001 UCO2908
003 CL-VaPUC
008 000608e19810000SP |||||||||||||||||spa|d
082 0 4 |a 980.012  |b SAN  |2 21 
100 0 |a Sánchez, Luis Alberto  |e author  |9 446638 
245 1 0 |a América precolombina, descubrimiento y colonización 
300 |a 313 p 
942 |c BK 
945 |d 20000608 00:00:00  |a rherrera 
260 |a Madrid  |b EDAF  |c 1981 
650 0 |a Historia de América  |9 266076 
650 0 |a América Precolombina  |9 446253 
650 0 |a Descubrimiento y Conquista de América  |9 446281 
650 0 |a América colonial  |9 446254 
651 0 |a América  |9 255182 
583 |a last modification  |c 20000608 00:00:00  |k Rodrigo Vera 
490 0 |a Colección Nueva Historia, 7 
999 |c 289398  |d 289396 
952 |0 0  |1 0  |4 0  |6 980_012000000000000_SAN_1981  |7 0  |8 A  |9 337756  |a BIBHIS  |b BIBHIS  |d 2019-11-20  |i 1288989  |o 980.012 SAN 1981  |p 1288989  |r 2025-01-20  |w 2019-11-20  |y BK  |k HIS 
952 |0 0  |1 0  |4 0  |6 980_012000000000000_SAN_1981  |7 0  |8 A  |9 337757  |a BIBHIS  |b BIBHIS  |d 2019-11-20  |i 1288997  |l 1  |o 980.012 SAN 1981  |p 1288997  |r 2025-01-20  |s 2022-10-28  |w 2019-11-20  |y BK  |k HIS 
952 |0 0  |1 0  |4 0  |6 980_012000000000000_SAN_1981  |7 0  |8 A  |9 337758  |a BIBHIS  |b BIBHIS  |d 2019-11-20  |i 1289004  |o 980.012 SAN 1981  |p 1289004  |r 2025-01-20  |w 2019-11-20  |y BK  |k HIS